000 00717nam a2200205Ia 4500
008 191130s1996##################000#0#eng##
020 _a9780792342816
022 _a96048824
040 _aACL
_cACL
082 _a577.7310145 HOW
245 _aNitrogen cycling in the North Atlantic Ocean and its watersheds
_cedited by Robert W. Howarth
260 _aDordrecht ; Boston
_bKluwer Academic Publishers
_c1996
300 _a304 p. : ill. (some col.), maps ; 25 cm
500 _aIncludes bibliographical references and index
650 _aNitrogen cycle - North Atlantic Ocean - Congresses
700 _aHowarth, Robert Warren
990 _af742c8fcac10000c140032ae319a8032
991 _a255615
999 _c22496
_d22496